The Essential Management & Finance Source Book (Record no. 887655)

MARC details
000 -LEADER
fixed length control field 00295nam a2200109Ia 4500
008 - FIXED-LENGTH DATA ELEMENTS--GENERAL INFORMATION
fixed length control field 231011s9999 xx 000 0 und d
041 ## - LANGUAGE CODE
Language code of text/sound track or separate title eng
100 ## - MAIN ENTRY--PERSONAL NAME
Personal name Leo Gough
245 ## - TITLE STATEMENT
Title The Essential Management & Finance Source Book
260 ## - PUBLICATION, DISTRIBUTION, ETC.
Name of publisher, distributor, etc. Pitman Pubs House ,England / Hongkong -
365 ## - TRADE PRICE
Price amount 325

No items available.